000 00340nam a2200145Ia 4500
008 090124s9999 xx 000 0 und d
082 _b133418
_a101918
245 _a बंधन
250 _a1
260 _bभानत मनोहर
_c2005
300 _a96
630 _a बंधन
730 _a बंधन
942 _cBOOK
999 _c179653
_d179653